Legitimacy: Yugoslav Lessons for Ukraine (Record no. 8631)

MARC details
000 -LEADER
fixed length control field 01528nam a22004097u 4500
001 - CONTROL NUMBER
control field pwiiw3871
003 - CONTROL NUMBER IDENTIFIER
control field OSt
005 - DATE AND TIME OF LATEST TRANSACTION
control field 20260516120057.0
008 - FIXED-LENGTH DATA ELEMENTS--GENERAL INFORMATION
fixed length control field 160425t2016 au ||||| |||| 00| ||eng d
040 ## - CATALOGING SOURCE
Transcribing agency OSt
041 ## - LANGUAGE CODE
Language code of text/sound track or separate title eng
084 ## - OTHER CLASSIFICATION NUMBER
Classification number H10
-- H77
-- K100
-- F510
Number source jelc
100 1# - MAIN ENTRY--PERSONAL NAME
Personal name Gligorov, Vladimir
245 10 - TITLE STATEMENT
Title Legitimacy: Yugoslav Lessons for Ukraine
260 ## - PUBLICATION, DISTRIBUTION, ETC.
Place of publication, distribution, etc. Wien :
Name of publisher, distributor, etc. Wiener Institut für Internationale Wirtschaftsvergleiche (wiiw),
Date of publication, distribution, etc. 2016.
300 ## - PHYSICAL DESCRIPTION
Extent 20 S.,
Other physical details
Dimensions 30cm.
490 1# - SERIES STATEMENT
Series statement wiiw Essays and Occasional Papers
Volume/sequential designation 2
520 ## - SUMMARY, ETC.
Summary, etc. Summary<br/><br/>Examples from the breakup of Yugoslavia and state-building in the successor states are used to highlight the political and constitutional choices facing Ukraine. The main lesson is that legitimacy is needed for constitution-building, which is needed for long-term state stability. Ethnic and other diversities are not crucially important except if they are used as a means for external interference.<br/>
650 ## - SUBJECT ADDED ENTRY--TOPICAL TERM
Topical term or geographic name entry element legitimacy
650 ## - SUBJECT ADDED ENTRY--TOPICAL TERM
Topical term or geographic name entry element democracy
650 ## - SUBJECT ADDED ENTRY--TOPICAL TERM
Topical term or geographic name entry element constitutionalism
650 ## - SUBJECT ADDED ENTRY--TOPICAL TERM
Topical term or geographic name entry element international intervention
650 ## - SUBJECT ADDED ENTRY--TOPICAL TERM
Topical term or geographic name entry element state-building
651 ## - SUBJECT ADDED ENTRY--GEOGRAPHIC NAME
Geographic name Bosnia and Herzegovina
651 ## - SUBJECT ADDED ENTRY--GEOGRAPHIC NAME
Geographic name Croatia
651 ## - SUBJECT ADDED ENTRY--GEOGRAPHIC NAME
Geographic name Kosovo
651 ## - SUBJECT ADDED ENTRY--GEOGRAPHIC NAME
Geographic name North Macedonia
651 ## - SUBJECT ADDED ENTRY--GEOGRAPHIC NAME
Geographic name Montenegro
651 ## - SUBJECT ADDED ENTRY--GEOGRAPHIC NAME
Geographic name Russia
651 ## - SUBJECT ADDED ENTRY--GEOGRAPHIC NAME
Geographic name Serbia
651 ## - SUBJECT ADDED ENTRY--GEOGRAPHIC NAME
Geographic name Ukraine
651 ## - SUBJECT ADDED ENTRY--GEOGRAPHIC NAME
Geographic name Yugoslavia
690 ## - LOCAL SUBJECT ADDED ENTRY--TOPICAL TERM (OCLC, RLIN)
Topical term or geographic name as entry element Regional Development
830 #0 - SERIES ADDED ENTRY--UNIFORM TITLE
Volume/sequential designation 2
Bibliographic record control number WIIW0000122
Title of a work wiiw Essays and Occasional Papers
856 40 - ELECTRONIC LOCATION AND ACCESS
Uniform Resource Identifier <a href="https://wiiw.ac.at/p-3871.html">https://wiiw.ac.at/p-3871.html</a>
942 ## - ADDED ENTRY ELEMENTS (KOHA)
Koha item type Paper
Holdings
Withdrawn status Lost status Damaged status Not for loan Home library Current library Shelving location Date acquired Inventory number Total Checkouts Barcode Date last seen Price effective from Koha item type
        WIIW WIIW Library 04/25/2016 pwiiw3871   1000010003871 04/25/2016 12/14/2018 Paper
The Vienna Instiute for International Economic Studies (wiiw)